ORGANIZATION STRUCTURE CYBERNETIC SYSTEM (Record no. 28341)
[ view plain ]
| 000 -LEADER | |
|---|---|
| fixed length control field | 00336nam a2200121Ia 4500 |
| 008 - FIXED-LENGTH DATA ELEMENTS--GENERAL INFORMATION | |
| fixed length control field | 240624s9999 xx 000 0 und d |
| 041 ## - LANGUAGE CODE | |
| Language code of text/sound track or separate title | eng |
| 082 ## - DEWEY DECIMAL CLASSIFICATION NUMBER | |
| Classification number | 302.35 TAK |
| 100 ## - MAIN ENTRY--PERSONAL NAME | |
| Personal name | TAKAHARA YASUHIKO |
| 245 ## - TITLE STATEMENT | |
| Title | ORGANIZATION STRUCTURE CYBERNETIC SYSTEM |
| 260 ## - PUBLICATION, DISTRIBUTION, ETC. | |
| Date of publication, distribution, etc. | 2003 |
| Place of publication, distribution, etc. | New York |
| Name of publisher, distributor, etc. | Kluwer Academic/Plenum Publishers |
| 365 ## - TRADE PRICE | |
| Currency code | ERU |
| Price amount | 38 |
| Withdrawn status | Lost status | Damaged status | Not for loan | Home library | Current library | Shelving location | Date acquired | Source of acquisition | Cost, normal purchase price | Full call number | Barcode | Date last seen | Copy number | Price effective from | Koha item type |
|---|---|---|---|---|---|---|---|---|---|---|---|---|---|---|---|
| IMTN | IMTN | Rack 6-B | 12/19/2016 | BKI | 79.95 | 302.35 TAK | 28341 | 06/24/2024 | 77.3 | 06/24/2024 | Books |